000 01423cam a2200337 i 4500
001 13478
003 Mx-PuUPA
005 20260429124019.0
008 140415s1995 mx gr 000 0 spa d
020 _a96862976266
040 _aMx-PuUPA
_bspa
_cMx-PuUPA
_dMx-PuUPA
_erda
041 1 _aspa
_hfre
130 3 _aLe financement de l' enseignement superieur.
245 1 3 _aEl financiamiento de la educación superior :
_btendencias actuales /
_cOCDE ; traducción del original en francés, Cristina Larios Malo
264 1 _aMéxico :
_bANUIES, Dirección de Servicios Editoriales,
_c1995
300 _aviii, 123 páginas ;
_c23 cm
336 _2rdacontent
_atexto
_btxt
337 _2rdamedia
_asin medio
_bn
338 _2rdacarrier
_avolumen
_bnc
490 0 _aColección Biblioteca de la Educación Superior
650 7 _2armarc
_aEducación superior
_xFinanzas
650 7 _2armarc
_aEducación superior
_xAspectos económicos
650 7 _2armarc
_aEstudiantes
_xAsistencia económica
650 7 _2armarc
_aEducación superior y Estado
700 1 _aLarios Malo, Cristina,
_etraductor
765 0 _aLarios Malo, Cristina,
_dParís : Organisation for Economic Cooperation and Development, 1990
_tLe financement de l' enseignement superieur.
767 0 _tFinancing higher education. current petterns.
942 _2ddc
_cLI
_h378.106
_iF4518
999 _c13478
_d13478